Đất thiêng ngàn năm văn vật
Tuyển chọn, giới thiệu một số bài viết tiêu biểu của GS. Trần Quốc Vượng phản ánh các khía cạnh lịch sử, văn hoá, địa lý... của mảnh đất Thăng Long - Hà Nội trong dòng chảy gần 1000 năm lịch sử....
Uloženo v:
| Hlavní autor: | |
|---|---|
| Médium: | Kniha |
| Jazyk: | Undetermined |
| Vydáno: |
Hà Nội
Nhà xuất bản Hà Nội
2010
|
| Témata: | |
| Tagy: |
Přidat tag
Žádné tagy, Buďte první, kdo otaguje tento záznam!
|
| Thư viện lưu trữ: | Trung tâm Học liệu Trường Đại học Cần Thơ |
|---|
| LEADER | 01029nam a2200217Ia 4500 | ||
|---|---|---|---|
| 001 | CTU_162619 | ||
| 008 | 210402s9999 xx 000 0 und d | ||
| 020 | |c 165000 | ||
| 082 | |a 959.731 | ||
| 082 | |b V561 | ||
| 100 | |a Trần, Quốc Vượng | ||
| 245 | 0 | |a Đất thiêng ngàn năm văn vật | |
| 245 | 0 | |c Trần Quốc Vượng ; Nguyễn Hải Kế ( chủ trì tuyển chọn và giới thiệu ) ... [ et all. ] | |
| 260 | |a Hà Nội | ||
| 260 | |b Nhà xuất bản Hà Nội | ||
| 260 | |c 2010 | ||
| 520 | |a Tuyển chọn, giới thiệu một số bài viết tiêu biểu của GS. Trần Quốc Vượng phản ánh các khía cạnh lịch sử, văn hoá, địa lý... của mảnh đất Thăng Long - Hà Nội trong dòng chảy gần 1000 năm lịch sử. | ||
| 650 | |a Vietnam,Việt Nam | ||
| 650 | |x History,Lịch sử | ||
| 904 | |i Giang, Qhieu | ||
| 980 | |a Trung tâm Học liệu Trường Đại học Cần Thơ | ||